[Event "1516LLO"]
[Site "Mecklenburg-Vorpommern"]
[Date "2015.12.13"]
[Round "4.3"]
[White "Rickmann, Niklas"]
[Black "Meyer, Detlef"]
[Result "0-1"]
[WhiteElo "1686"]
[BlackElo "1775"]
[PlyCount "70"]
[EventType "team-tourn"]
[EventRounds "9"]
[EventCountry "GER"]
[SourceDate "2015.09.20"]
[WhiteTeam "FHSG Stralsund II"]
[BlackTeam "SG Neubrandenburg II"]
[WhiteTeamCountry "GER"]
[BlackTeamCountry "GER"]

1. e4 e6 2. d4 d5 3. exd5 exd5 4. Bd3 Nf6 5. Nf3 Be6 6. O-O Bd6 7. Bg5 Nbd7 8.
c3 O-O 9. Qc2 h6 10. Be3 c5 11. Qd2 c4 12. Bc2 Ng4 13. h3 Nxe3 14. fxe3 Nf6 15.
b3 b5 16. Qf2 Qc7 17. bxc4 bxc4 18. Nbd2 Bg3 19. Qe2 Qa5 20. e4 Qxc3 21. Rfc1
Qa3 22. exd5 Bxd5 23. Nxc4 Bxc4 24. Qxc4 Qe3+ 25. Kh1 Bf4 26. Rf1 Nh5 27. g4
Ng3+ 28. Kg2 Nxf1 29. Rxf1 Rac8 30. Qa4 Rc3 31. d5 Rfc8 32. Bf5 Ra3 33. Qxa3
Qxa3 34. Bxc8 Qxa2+ 35. Rf2 Qxd5 0-1

[Event "1516LLO"]
[Site "Mecklenburg-Vorpommern"]
[Date "2015.12.13"]
[Round "4.4"]
[White "Rehbein, Hans Juergen"]
[Black "Vlach, Michael"]
[Result "1/2-1/2"]
[WhiteElo "1688"]
[BlackElo "1613"]
[PlyCount "25"]
[EventType "team-tourn"]
[EventRounds "9"]
[EventCountry "GER"]
[SourceDate "2015.09.20"]
[WhiteTeam "SG Neubrandenburg II"]
[BlackTeam "FHSG Stralsund II"]
[WhiteTeamCountry "GER"]
[BlackTeamCountry "GER"]

1. Nf3 Nf6 2. g3 d5 3. b3 g6 4. Bb2 Bg7 5. Bg2 O-O 6. d3 Bg4 7. Nbd2 Nbd7 8.
O-O Bxf3 9. Nxf3 c5 10. Re1 Rc8 11. c4 d4 12. Qc2 Bh6 13. Bc1 1/2-1/2

[Event "1516LLO"]
[Site "Mecklenburg-Vorpommern"]
[Date "2015.12.13"]
[Round "4.5"]
[White "Jabbusch, Burkhard"]
[Black "Leisner, Ekkehardt"]
[Result "0-1"]
[WhiteElo "1688"]
[BlackElo "1679"]
[PlyCount "66"]
[EventType "team-tourn"]
[EventRounds "9"]
[EventCountry "GER"]
[SourceDate "2015.09.20"]
[WhiteTeam "FHSG Stralsund II"]
[BlackTeam "SG Neubrandenburg II"]
[WhiteTeamCountry "GER"]
[BlackTeamCountry "GER"]

1. f4 d5 2. d4 Nf6 3. Nc3 Bf5 4. Nf3 h6 5. e3 e6 6. Bd3 Bxd3 7. Qxd3 c6 8. O-O
Be7 9. e4 dxe4 10. Nxe4 Nbd7 11. h3 O-O 12. g4 Nxe4 13. Qxe4 Nf6 14. Qd3 Nh7
15. Kh1 c5 16. c3 cxd4 17. cxd4 Qd5 18. Rf2 Rfd8 19. Be3 Rac8 20. b3 Nf6 21.
Kg2 Ne4 22. Rc2 Ba3 23. Re1 Nd6 24. Bc1 Rxc2+ 25. Qxc2 Rc8 26. Qb1 Rc3 27. Be3
Bc1 28. Rxc1 Rxe3 29. Rf1 Ne4 30. Qd1 Nc3 31. Qc1 Qe4 32. Rf2 Ne2 33. Kf1 Nxc1
0-1

[Event "1516LLO"]
[Site "Mecklenburg-Vorpommern"]
[Date "2015.12.13"]
[Round "4.6"]
[White "Buenz, Heinrich"]
[Black "Klinger, Clemens"]
[Result "1/2-1/2"]
[WhiteElo "1678"]
[BlackElo "1550"]
[PlyCount "30"]
[EventType "team-tourn"]
[EventRounds "9"]
[EventCountry "GER"]
[SourceDate "2015.09.20"]
[WhiteTeam "SG Neubrandenburg II"]
[BlackTeam "FHSG Stralsund II"]
[WhiteTeamCountry "GER"]
[BlackTeamCountry "GER"]

1. Nf3 d5 2. c4 Nf6 3. g3 Nc6 4. cxd5 Nxd5 5. Bg2 e5 6. Nc3 Be6 7. O-O Be7 8.
b3 Nxc3 9. dxc3 O-O 10. Qc2 h6 11. Rd1 Bf5 12. Rxd8 Bxc2 13. Rxa8 Rxa8 14. Ne1
Bf5 15. Be3 e4 1/2-1/2

[Event "1516LLO"]
[Site "Mecklenburg-Vorpommern"]
[Date "2015.12.13"]
[Round "4.7"]
[White "Loesche, Richard"]
[Black "Hoerhold, Martin"]
[Result "0-1"]
[WhiteElo "1572"]
[BlackElo "1663"]
[PlyCount "52"]
[EventType "team-tourn"]
[EventRounds "9"]
[EventCountry "GER"]
[SourceDate "2015.09.20"]
[WhiteTeam "FHSG Stralsund II"]
[BlackTeam "SG Neubrandenburg II"]
[WhiteTeamCountry "GER"]
[BlackTeamCountry "GER"]

1. e4 g6 2. d4 Bg7 3. Bc4 d6 4. Ne2 Nf6 5. Nbc3 O-O 6. O-O c6 7. a4 a5 8. Bf4
Na6 9. Qd2 Nb4 10. Bb3 Bd7 11. Rad1 Qc7 12. e5 Ne8 13. Bh6 Bxh6 14. Qxh6 Bf5
15. exd6 Qxd6 16. Rd2 Nf6 17. Ng3 Qd7 18. h3 Nbd5 19. Re1 Nxc3 20. bxc3 Rfe8
21. Re5 e6 22. Rde2 Nd5 23. Qd2 f6 24. Bxd5 fxe5 25. Be4 exd4 26. cxd4 Rad8 0-1

[Event "1516LLO"]
[Site "Mecklenburg-Vorpommern"]
[Date "2015.12.13"]
[Round "4.8"]
[White "Friedrich, Joerg"]
[Black "Isigkeit, Hans Juergen"]
[Result "1/2-1/2"]
[WhiteElo "1619"]
[BlackElo "1530"]
[PlyCount "38"]
[EventType "team-tourn"]
[EventRounds "9"]
[EventCountry "GER"]
[SourceDate "2015.09.20"]
[WhiteTeam "SG Neubrandenburg II"]
[BlackTeam "FHSG Stralsund II"]
[WhiteTeamCountry "GER"]
[BlackTeamCountry "GER"]

1. d4 Nf6 2. Nc3 e6 3. a3 d5 4. Bg5 h6 5. Bxf6 Qxf6 6. e4 dxe4 7. Nxe4 Qd8 8.
c3 b6 9. Bb5+ c6 10. Ba4 Bb7 11. Bc2 Nd7 12. Nf3 Be7 13. Qd3 a5 14. O-O-O Nf6
15. Nxf6+ Bxf6 16. Rhe1 Qd6 17. g3 O-O-O 18. Kb1 c5 19. Ne5 Bxe5 1/2-1/2

[Event "1516LLO"]
[Site "Mecklenburg-Vorpommern"]
[Date "2015.12.13"]
[Round "4.2"]
[White "Schwarz, Eckhard"]
[Black "Reinke, Thomas"]
[Result "0-1"]
[WhiteElo "1861"]
[BlackElo "1886"]
[PlyCount "74"]
[EventType "team-tourn"]
[EventRounds "9"]
[EventCountry "GER"]
[SourceDate "2015.09.20"]
[WhiteTeam "SV Waterkant Saal"]
[BlackTeam "SV Motor Wolgast"]
[WhiteTeamCountry "GER"]
[BlackTeamCountry "GER"]

1. d4 f5 2. g3 Nf6 3. Bg2 g6 4. Nf3 Bg7 5. O-O O-O 6. c4 d6 7. Nc3 Qe8 8. Bf4
c6 9. Qb3 h6 10. h3 Nbd7 11. d5 Nc5 12. Qc2 Nce4 13. Rad1 Nxc3 14. bxc3 c5 15.
Nd2 g5 16. Be3 Nh5 17. Nf3 f4 18. gxf4 Nxf4 19. Bxf4 Rxf4 20. Nd2 Bd7 21. Rde1
Qh5 22. Qd3 g4 23. e3 Rf7 24. hxg4 Bxg4 25. f4 Bf6 26. e4 Raf8 27. Re3 Bg7 28.
f5 Be5 29. Nf3 Bf4 30. Ree1 Rg7 31. Nh4 Be5 32. Nf3 Bxf3 33. Qxf3 Qh2+ 34. Kf2
Rg3 35. Re3 Rxf3+ 36. Rxf3 Qh4+ 37. Ke3 Bxc3 0-1

[Event "1516LLO"]
[Site "Mecklenburg-Vorpommern"]
[Date "2015.12.13"]
[Round "4.3"]
[White "Schubert, Volker"]
[Black "Wiese, Frank"]
[Result "1/2-1/2"]
[WhiteElo "1958"]
[BlackElo "1887"]
[PlyCount "45"]
[EventType "team-tourn"]
[EventRounds "9"]
[EventCountry "GER"]
[SourceDate "2015.09.20"]
[WhiteTeam "SV Motor Wolgast"]
[BlackTeam "SV Waterkant Saal"]
[WhiteTeamCountry "GER"]
[BlackTeamCountry "GER"]

1. d4 c5 2. d5 d6 3. e4 g6 4. Nc3 Bg7 5. Nf3 Bg4 6. Be2 Nf6 7. h3 Bxf3 8. Bxf3
O-O 9. O-O Nfd7 10. Be3 Na6 11. Qd2 Nc7 12. Be2 a6 13. a4 b6 14. Bh6 Rb8 15.
Bxg7 Kxg7 16. f4 b5 17. axb5 axb5 18. Bf3 b4 19. Na4 Nb5 20. c3 bxc3 21. bxc3
Qc7 22. Rfe1 f6 23. Be2 1/2-1/2

[Event "1516LLO"]
[Site "Mecklenburg-Vorpommern"]
[Date "2015.12.13"]
[Round "4.4"]
[White "Richter, Frank"]
[Black "Riebort, Frank"]
[Result "0-1"]
[WhiteElo "1711"]
[BlackElo "1884"]
[PlyCount "100"]
[EventType "team-tourn"]
[EventRounds "9"]
[EventCountry "GER"]
[SourceDate "2015.09.20"]
[WhiteTeam "SV Waterkant Saal"]
[BlackTeam "SV Motor Wolgast"]
[WhiteTeamCountry "GER"]
[BlackTeamCountry "GER"]

1. d4 Nf6 2. Nf3 g6 3. g3 Bg7 4. Bg2 O-O 5. O-O d6 6. Nc3 Nc6 7. d5 Nb8 8. Re1
e5 9. e4 Nbd7 10. Bg5 h6 11. Be3 Nb6 12. Qd3 Bd7 13. a4 Nc8 14. b4 Ne7 15. Ne2
Ng4 16. Bd2 f5 17. h3 Nf6 18. Nh2 fxe4 19. Bxe4 Nxe4 20. Qxe4 Bf5 21. Qc4 Bd7
22. Ra3 Kh7 23. Kg2 Nxd5 24. b5 Be6 25. Qe4 Qd7 26. Nf4 exf4 27. Qxe6 Qxe6 28.
Rxe6 fxg3 29. fxg3 Rae8 30. Rxe8 Rxe8 31. Nf3 Re4 32. Rd3 Nb4 33. Re3 Rxe3 34.
Bxe3 a6 35. c4 Nc2 36. Bc1 Nb4 37. Ba3 Nd3 38. b6 cxb6 39. Bxd6 Nb2 40. Nd2
Nxa4 41. Kf3 Bc3 42. Ne4 Bd4 43. Ba3 Be5 44. g4 Kg7 45. Ke3 Kf7 46. Kd2 Ke6 47.
Kc2 Bd4 48. Nd6 Bc5 49. Nxb7 Bxa3 50. Kb3 Nc5+ 0-1

[Event "1516LLO"]
[Site "Mecklenburg-Vorpommern"]
[Date "2015.12.13"]
[Round "4.5"]
[White "Klotzsche, Stefan"]
[Black "Nickel, Reimo"]
[Result "1-0"]
[WhiteElo "1745"]
[BlackElo "1743"]
[PlyCount "71"]
[EventType "team-tourn"]
[EventRounds "9"]
[EventCountry "GER"]
[SourceDate "2015.09.20"]
[WhiteTeam "SV Motor Wolgast"]
[BlackTeam "SV Waterkant Saal"]
[WhiteTeamCountry "GER"]
[BlackTeamCountry "GER"]

1. Nf3 Nc6 2. g3 e5 3. d3 h6 4. Bg2 Be7 5. c4 Bb4+ 6. Nbd2 Nf6 7. O-O O-O 8.
Rb1 Be7 9. e4 d6 10. h3 Bd7 11. b4 Qc8 12. Kh2 Nh7 13. Re1 Nd8 14. Nf1 Ne6 15.
Ne3 Neg5 16. Ng1 c6 17. Qh5 Nf6 18. Qe2 Ne6 19. Nf5 Re8 20. Nxe7+ Rxe7 21. Bb2
Nh7 22. f4 exf4 23. g4 f6 24. Qf2 g5 25. Nf3 c5 26. a3 Rb8 27. Rbc1 Qe8 28. d4
b6 29. e5 dxe5 30. dxe5 fxe5 31. Nxe5 Nhf8 32. Bd5 Qc8 33. Qc2 Qc7 34. Ng6 Rf7
35. Nxf8 Rbxf8 36. Qg6+ 1-0

[Event "1516LLO"]
[Site "Mecklenburg-Vorpommern"]
[Date "2015.12.13"]
[Round "4.6"]
[White "Ehmann, Roland"]
[Black "Schellner, Ulf"]
[Result "1/2-1/2"]
[WhiteElo "1554"]
[BlackElo "1624"]
[PlyCount "32"]
[EventType "team-tourn"]
[EventRounds "9"]
[EventCountry "GER"]
[SourceDate "2015.09.20"]
[WhiteTeam "SV Waterkant Saal"]
[BlackTeam "SV Motor Wolgast"]
[WhiteTeamCountry "GER"]
[BlackTeamCountry "GER"]

1. d4 d5 2. Nf3 Nf6 3. g3 c6 4. Bg2 e6 5. O-O Be7 6. Nbd2 O-O 7. c4 Nbd7 8. Qc2
h6 9. b3 Nh7 10. Re1 f5 11. Ne5 Nxe5 12. dxe5 Bd7 13. Nf3 Be8 14. Nd4 Qd7 15.
c5 Ng5 16. f4 Ne4 1/2-1/2

[Event "1516LLO"]
[Site "Mecklenburg-Vorpommern"]
[Date "2015.12.13"]
[Round "4.7"]
[White "Tarasow, Alexey"]
[Black "Nickel, Udo"]
[Result "1-0"]
[WhiteElo "1741"]
[BlackElo "1662"]
[PlyCount "79"]
[EventType "team-tourn"]
[EventRounds "9"]
[EventCountry "GER"]
[SourceDate "2015.09.20"]
[WhiteTeam "SV Motor Wolgast"]
[BlackTeam "SV Waterkant Saal"]
[WhiteTeamCountry "GER"]
[BlackTeamCountry "GER"]

1. e4 e6 2. Nc3 d5 3. Nf3 Nf6 4. e5 Nfd7 5. d4 c5 6. dxc5 Bxc5 7. Bd3 h6 8. h4
Nc6 9. Bf4 Bb4 10. O-O Bxc3 11. bxc3 Qa5 12. Qd2 d4 13. cxd4 Qxd2 14. Bxd2 O-O
15. Rab1 Nb6 16. c4 Rd8 17. Bc3 Rb8 18. Rfd1 Bd7 19. Be2 Be8 20. Ne1 Na4 21.
Ba1 Nb6 22. Nc2 Ne7 23. Ne3 Bc6 24. Bc3 Be4 25. Bd3 Bxd3 26. Rxd3 Nc6 27. d5
Ne7 28. Bb4 Rd7 29. Bd6 Rc8 30. Bxe7 Rxe7 31. d6 Rd7 32. Ra3 Nxc4 33. Nxc4 Rxc4
34. Rxa7 f6 35. exf6 gxf6 36. Rbxb7 Rxb7 37. Rxb7 Rd4 38. d7 Kf8 39. Rb8+ Ke7
40. d8=Q+ 1-0

[Event "1516LLO"]
[Site "Mecklenburg-Vorpommern"]
[Date "2015.12.13"]
[Round "4.8"]
[White "Hiltner, Harald"]
[Black "Zimmermann, Frank"]
[Result "0-1"]
[WhiteElo "1565"]
[BlackElo "1581"]
[PlyCount "106"]
[EventType "team-tourn"]
[EventRounds "9"]
[EventCountry "GER"]
[SourceDate "2015.09.20"]
[WhiteTeam "SV Waterkant Saal"]
[BlackTeam "SV Motor Wolgast"]
[WhiteTeamCountry "GER"]
[BlackTeamCountry "GER"]

1. e4 e5 2. Nf3 Nc6 3. d3 Nf6 4. Be2 d6 5. O-O Bg4 6. Be3 Be7 7. Nc3 O-O 8. Nd2
Qd7 9. Nd5 Bxe2 10. Nxe7+ Nxe7 11. Qxe2 Ng4 12. f4 Nxe3 13. Qxe3 exf4 14. Rxf4
f5 15. exf5 Nd5 16. Qd4 Nxf4 17. Qxf4 Qxf5 18. Qxf5 Rxf5 19. Rf1 Raf8 20. Nf3
g5 21. Nd2 Kg7 22. Rxf5 Rxf5 23. Ne4 h6 24. Ng3 Rf7 25. Ne4 Rf4 26. Nf2 d5 27.
g3 Rf3 28. Kf1 h5 29. Ke2 Rf6 30. Nd1 c6 31. d4 Re6+ 32. Kf2 Re4 33. c3 h4 34.
Ne3 hxg3+ 35. hxg3 Kg6 36. g4 a5 37. Ke2 Rf4 38. a3 b6 39. b3 Kf6 40. Kd3 Ke6
41. b4 Rf2 42. c4 Ra2 43. cxd5+ cxd5 44. Nc2 Rb2 45. Kc3 Rb1 46. bxa5 bxa5 47.
Ne3 a4 48. Kd2 Rb3 49. Nc2 Kd6 50. Ke2 Kc6 51. Kd2 Kb5 52. Ke2 Rb2 53. Kd2
Rxc2+ 0-1

[Event "1516LLO"]
[Site "Mecklenburg-Vorpommern"]
[Date "2015.12.13"]
[Round "4.1"]
[White "Burwitz, Joerg"]
[Black "Dupke, Andreas"]
[Result "1/2-1/2"]
[WhiteElo "1743"]
[BlackElo "1791"]
[PlyCount "89"]
[EventType "team-tourn"]
[EventRounds "9"]
[EventCountry "GER"]
[SourceDate "2015.09.20"]
[WhiteTeam "SV Rugia Bergen"]
[BlackTeam "SG Neubrandenburg III"]
[WhiteTeamCountry "GER"]
[BlackTeamCountry "GER"]

1. d4 d5 2. Nf3 e6 3. g3 c6 4. Bg2 Nf6 5. O-O Bd6 6. Bg5 h6 7. Bxf6 Qxf6 8.
Nbd2 O-O 9. e4 Bc7 10. c3 Nd7 11. b4 a5 12. e5 Qe7 13. a3 b6 14. Qb3 Ba6 15.
Rfe1 Rfb8 16. Qc2 c5 17. Rab1 axb4 18. axb4 Bb5 19. bxc5 bxc5 20. c4 Bc6 21.
Rxb8+ Rxb8 22. cxd5 Bxd5 23. dxc5 Qxc5 24. Qxc5 Nxc5 25. Rc1 Bb6 26. Bf1 Nd7
27. Bd3 Ra8 28. Be4 Nc5 29. Bxd5 exd5 30. Ne1 Ra2 31. Nef3 Nd3 32. Rf1 Nxe5 33.
Nxe5 Rxd2 34. Nf3 Re2 35. Kg2 f6 36. Ne1 d4 37. Nd3 Rd2 38. Rb1 Ba5 39. Rb3 Bc3
40. Nf4 Rb2 41. Rxb2 Bxb2 42. Kf3 f5 43. Nd3 Ba3 44. Kf4 g6 45. Ke5 1/2-1/2

[Event "1516LLO"]
[Site "Mecklenburg-Vorpommern"]
[Date "2015.12.13"]
[Round "4.2"]
[White "Stock, Joachim"]
[Black "Pawlick, Helmut"]
[Result "0-1"]
[WhiteElo "1606"]
[BlackElo "1798"]
[PlyCount "58"]
[EventType "team-tourn"]
[EventRounds "9"]
[EventCountry "GER"]
[SourceDate "2015.09.20"]
[WhiteTeam "SG Neubrandenburg III"]
[BlackTeam "SV Rugia Bergen"]
[WhiteTeamCountry "GER"]
[BlackTeamCountry "GER"]

1. e4 c5 2. Nf3 Nc6 3. Bc4 e6 4. Nc3 Nf6 5. Be2 d5 6. exd5 Nxd5 7. O-O Be7 8.
Re1 O-O 9. Ne4 b6 10. d3 Bb7 11. Bd2 Qc7 12. Qc1 Rad8 13. Nc3 Nxc3 14. Bxc3 Nd4
15. Nxd4 cxd4 16. Bd2 Bd6 17. h3 e5 18. c4 f5 19. a3 a5 20. Qd1 e4 21. b4 Qe7
22. c5 Bb8 23. dxe4 fxe4 24. Bc4+ Kh8 25. Qg4 bxc5 26. bxc5 Qc7 27. g3 Qc6 28.
Qe6 e3 29. Qxc6 exf2+ 0-1

[Event "1516LLO"]
[Site "Mecklenburg-Vorpommern"]
[Date "2015.12.13"]
[Round "4.3"]
[White "Wichert, Till"]
[Black "Peters, Hans Joachim"]
[Result "0-1"]
[WhiteElo "1598"]
[BlackElo "1748"]
[PlyCount "68"]
[EventType "team-tourn"]
[EventRounds "9"]
[EventCountry "GER"]
[SourceDate "2015.09.20"]
[WhiteTeam "SV Rugia Bergen"]
[BlackTeam "SG Neubrandenburg III"]
[WhiteTeamCountry "GER"]
[BlackTeamCountry "GER"]

1. c4 Nf6 2. g3 e5 3. Bg2 Nc6 4. Nc3 d6 5. d3 Be7 6. e4 O-O 7. Nge2 Bg4 8. O-O
Qc8 9. a3 a5 10. Be3 Bh3 11. f3 Bxg2 12. Kxg2 Nd8 13. d4 c6 14. d5 c5 15. Qc2
Ne8 16. f4 f6 17. f5 Nc7 18. g4 g6 19. h4 Kh8 20. Na4 Ra6 21. b4 axb4 22. axb4
cxb4 23. Nb6 Rxb6 24. Bxb6 Na6 25. Rab1 Rg8 26. Kf3 Nf7 27. Nc1 Nh6 28. Nd3
gxf5 29. gxf5 Nxf5 30. exf5 Qxf5+ 31. Ke3 Qh3+ 32. Rf3 Qxh4 33. Nxb4 Nxb4 34.
Qc3 e4 0-1

[Event "1516LLO"]
[Site "Mecklenburg-Vorpommern"]
[Date "2015.12.13"]
[Round "4.4"]
[White "Hollender, Dirk"]
[Black "Pawlowicz, Karsten"]
[Result "0-1"]
[WhiteElo "1679"]
[BlackElo "1619"]
[PlyCount "86"]
[EventType "team-tourn"]
[EventRounds "9"]
[EventCountry "GER"]
[SourceDate "2015.09.20"]
[WhiteTeam "SG Neubrandenburg III"]
[BlackTeam "SV Rugia Bergen"]
[WhiteTeamCountry "GER"]
[BlackTeamCountry "GER"]

1. e4 c5 2. Nc3 Nc6 3. g3 g6 4. Bg2 Bg7 5. d3 d6 6. f4 e5 7. Nf3 Bg4 8. h3 Bxf3
9. Bxf3 Nd4 10. Bg2 Ne7 11. O-O Qd7 12. Ne2 Nec6 13. c3 Nxe2+ 14. Qxe2 exf4 15.
gxf4 O-O-O 16. Rb1 f5 17. Qc2 Kb8 18. Be3 Rhe8 19. Rfd1 Qe7 20. b4 cxb4 21.
cxb4 Bd4 22. Bf2 Qh4 23. b5 Qxf2+ 24. Qxf2 Bxf2+ 25. Kxf2 Nd4 26. Rb4 Ne6 27.
Kg3 Rc8 28. e5 dxe5 29. fxe5 g5 30. h4 h6 31. Bd5 Nf4 32. Rxf4 gxf4+ 33. Kxf4
Rc5 34. Bxb7 Kxb7 35. d4 Rxb5 36. d5 Rf8 37. d6 Rb4+ 38. Kf3 Re4 39. Rd5 Kc6
40. Ra5 Ra8 41. Kg3 h5 42. a3 Rg4+ 43. Kf3 Rxh4 0-1

[Event "1516LLO"]
[Site "Mecklenburg-Vorpommern"]
[Date "2015.12.13"]
[Round "4.5"]
[White "Tabbert, Dirk"]
[Black "Mietz, Wolfgang"]
[Result "1-0"]
[WhiteElo "1602"]
[BlackElo "1616"]
[PlyCount "31"]
[EventType "team-tourn"]
[EventRounds "9"]
[EventCountry "GER"]
[SourceDate "2015.09.20"]
[WhiteTeam "SV Rugia Bergen"]
[BlackTeam "SG Neubrandenburg III"]
[WhiteTeamCountry "GER"]
[BlackTeamCountry "GER"]

1. c4 d6 2. Nc3 g6 3. g3 Bg7 4. Bg2 Nf6 5. e4 e5 6. Nge2 O-O 7. O-O Nc6 8. d3
Bg4 9. h3 Be6 10. f4 Qc8 11. Kh2 Ne8 12. Rb1 f5 13. b4 exf4 14. Bxf4 Ne5 15.
Nd5 c6 16. Ne7+ 1-0

[Event "1516LLO"]
[Site "Mecklenburg-Vorpommern"]
[Date "2015.12.13"]
[Round "4.6"]
[White "Gloeckner, Jan"]
[Black "Scheel, Manfred"]
[Result "0-1"]
[WhiteElo "1523"]
[BlackElo "1592"]
[PlyCount "122"]
[EventType "team-tourn"]
[EventRounds "9"]
[EventCountry "GER"]
[SourceDate "2015.09.20"]
[WhiteTeam "SG Neubrandenburg III"]
[BlackTeam "SV Rugia Bergen"]
[WhiteTeamCountry "GER"]
[BlackTeamCountry "GER"]

1. e4 e5 2. d4 exd4 3. c3 Nf6 4. e5 Qe7 5. Nf3 dxc3 6. Bc4 cxb2 7. Bxf7+ Kxf7
8. Qb3+ d5 9. Bxb2 Qb4+ 10. Nc3 Qxb3 11. axb3 Ne8 12. Nxd5 Be6 13. Ng5+ Kg6 14.
Nxe6 Na6 15. Rc1 c6 16. Ndf4+ Kf7 17. Ng5+ Kg8 18. e6 h6 19. Nf7 Rh7 20. O-O
Nec7 21. Ne5 Nc5 22. Rfd1 N5xe6 23. Nxe6 Nxe6 24. Rd7 g5 25. Rcd1 Rxd7 26. Nxd7
Rd8 27. Bf6 Re8 28. Bc3 Bg7 29. Nf6+ Bxf6 30. Bxf6 Kf7 31. Bc3 Rd8 32. Rxd8
Nxd8 33. f3 Ne6 34. b4 c5 35. bxc5 Nxc5 36. Bd4 b6 37. Kf2 Ne6 38. Be3 Kf6 39.
g3 Ke5 40. h4 a5 41. Bxb6 a4 42. Ba5 Kd4 43. Bb4 Kc4 44. Be7 gxh4 45. gxh4 Nc5
46. Ke2 a3 47. Bf6 Nb3 48. Ke3 a2 49. f4 Kd5 50. f5 a1=Q 51. Bxa1 Nxa1 52. Kf4
Nc2 53. Kg4 Nd4 54. Kf4 Kd6 55. Ke4 Nc6 56. Kf4 Ne5 57. Ke4 Nf7 58. Kf4 h5 59.
Ke4 Ke7 60. Kf3 Kf6 61. Kf4 Nh6 0-1

[Event "1516LLO"]
[Site "Mecklenburg-Vorpommern"]
[Date "2015.12.13"]
[Round "4.7"]
[White "Behrens, Christoph"]
[Black "Martau, Valentin"]
[Result "1/2-1/2"]
[WhiteElo "1652"]
[BlackElo "1376"]
[PlyCount "43"]
[EventType "team-tourn"]
[EventRounds "9"]
[EventCountry "GER"]
[SourceDate "2015.09.20"]
[WhiteTeam "SV Rugia Bergen"]
[BlackTeam "SG Neubrandenburg III"]
[WhiteTeamCountry "GER"]
[BlackTeamCountry "GER"]

1. e4 e5 2. Nf3 Nc6 3. Bb5 a6 4. Ba4 b5 5. Bb3 Nf6 6. Nc3 h6 7. O-O Be7 8. Re1
O-O 9. d4 exd4 10. Nxd4 Nxd4 11. Qxd4 c5 12. Qd3 c4 13. Bxc4 bxc4 14. Qxc4 Bb7
15. e5 Nh7 16. Qg4 Kh8 17. Rd1 Bc6 18. Ne2 Qc7 19. Qd4 f6 20. Bf4 Qb7 21. Rd3
Qb4 22. Qxb4 1/2-1/2

[Event "1516LLO"]
[Site "Mecklenburg-Vorpommern"]
[Date "2015.12.13"]
[Round "4.8"]
[White "Lange, Ingo"]
[Black "Hessler, Tom"]
[Result "1-0"]
[WhiteElo "1720"]
[BlackElo "1274"]
[PlyCount "138"]
[EventType "team-tourn"]
[EventRounds "9"]
[EventCountry "GER"]
[SourceDate "2015.09.20"]
[WhiteTeam "SG Neubrandenburg III"]
[BlackTeam "SV Rugia Bergen"]
[WhiteTeamCountry "GER"]
[BlackTeamCountry "GER"]

1. d4 Nf6 2. Nf3 e6 3. Bf4 d5 4. e3 c5 5. c3 Nc6 6. Bd3 c4 7. Bc2 Nh5 8. Bg5
Be7 9. Bxe7 Qxe7 10. Nbd2 Nf6 11. O-O b5 12. a4 b4 13. Ne5 Nxe5 14. dxe5 Nd7
15. Nf3 a5 16. e4 Bb7 17. exd5 Bxd5 18. Re1 Rb8 19. Nd4 Qg5 20. Be4 Qxe5 21.
Nc6 Bxc6 22. Bxc6 Qc7 23. Bb5 Ke7 24. Qg4 g6 25. Rad1 Rhd8 26. Bxd7 Rxd7 27.
Qh4+ Ke8 28. Qxh7 Rbd8 29. Qh8+ Ke7 30. Qh4+ Ke8 31. Rxd7 Qxd7 32. cxb4 Qd1 33.
Qh8+ Ke7 34. Qe5 axb4 35. Qc5+ Ke8 36. Qxb4 Qd2 37. Qxd2 Rxd2 38. Rb1 Kd7 39.
Kf1 Kc6 40. Rc1 Rxb2 41. Rxc4+ Kd6 42. g3 f5 43. Rc8 g5 44. h3 Rb4 45. Ra8 Ke5
46. a5 Ra4 47. a6 Ke4 48. Kg2 Ra2 49. a7 Ke5 50. h4 gxh4 51. gxh4 Ra4 52. Kg3
Rg4+ 53. Kh3 Rg7 54. h5 Kf4 55. Re8 Rxa7 56. Rxe6 Kg5 57. h6 Rh7 58. Kg3 Rxh6
59. Rxh6 Kxh6 60. Kf4 Kg6 61. Ke5 Kg5 62. f3 f4 63. Ke4 Kg6 64. Kxf4 Kf6 65.
Ke4 Ke6 66. f4 Kf6 67. f5 Ke7 68. Ke5 Kf7 69. f6 Ke8 1-0

[Event "1516LLO"]
[Site "Mecklenburg-Vorpommern"]
[Date "2016.01.17"]
[Round "5.1"]
[White "Schwahn, Christian"]
[Black "Burwitz, Joerg"]
[Result "1-0"]
[WhiteElo "1963"]
[BlackElo "1743"]
[PlyCount "103"]
[EventType "team-tourn"]
[EventRounds "9"]
[EventCountry "GER"]
[SourceDate "2015.09.20"]
[WhiteTeam "Greifswalder SV II "]
[BlackTeam "SV Rugia Bergen"]
[WhiteTeamCountry "GER"]
[BlackTeamCountry "GER"]

1. d4 d5 2. Nf3 Nf6 3. g3 e6 4. Bg2 c5 5. O-O cxd4 6. Nxd4 Nc6 7. Nxc6 bxc6 8.
c4 Be7 9. Nc3 O-O 10. cxd5 cxd5 11. Bf4 Bd7 12. e4 dxe4 13. Nxe4 Nxe4 14. Bxe4
Bb5 15. Bxh7+ Kxh7 16. Qh5+ Kg8 17. Qxb5 Bf6 18. Be5 Bxe5 19. Qxe5 Qb6 20. Rfe1
Rfd8 21. Re2 Rd5 22. Qe3 Qb5 23. Rd2 a5 24. Rxd5 Qxd5 25. Qb3 Qe5 26. Qc3 Qd5
27. b3 Rd8 28. Rc1 Qd2 29. Qxd2 Rxd2 30. a4 Rb2 31. Rc3 g6 32. Kg2 Kg7 33. g4
g5 34. Rc5 Kf6 35. Rb5 Kg6 36. Kg3 Rc2 37. Rxa5 Rc3+ 38. f3 Rxb3 39. Ra6 Ra3
40. a5 Kf6 41. h3 Kg7 42. Ra7 Kf6 43. Ra8 Kg7 44. a6 Kf6 45. a7 Ra1 46. h4
gxh4+ 47. Kxh4 Rh1+ 48. Kg3 Ra1 49. g5+ Kg7 50. Kf4 Ra5 51. Ke4 Rxg5 52. Rb8
1-0

[Event "1516LLO"]
[Site "Mecklenburg-Vorpommern"]
[Date "2016.01.17"]
[Round "5.2"]
[White "Pawlick, Helmut"]
[Black "Hertel, Johannes"]
[Result "0-1"]
[WhiteElo "1798"]
[BlackElo "1835"]
[PlyCount "40"]
[EventType "team-tourn"]
[EventRounds "9"]
[EventCountry "GER"]
[SourceDate "2015.09.20"]
[WhiteTeam "SV Rugia Bergen"]
[BlackTeam "Greifswalder SV II "]
[WhiteTeamCountry "GER"]
[BlackTeamCountry "GER"]

1. e4 c5 2. d4 cxd4 3. c3 Nf6 4. e5 Nd5 5. cxd4 d6 6. Nf3 Nc6 7. Be2 Bg4 8. O-O
e6 9. exd6 Bxd6 10. Nc3 Nxc3 11. bxc3 Qc7 12. h3 Bh5 13. Be3 O-O 14. Qd2 Na5
15. Qd3 Rac8 16. Qb5 Bg6 17. c4 a6 18. Qa4 b5 19. Qd1 Nxc4 20. a4 Nb2 0-1